Statistics for South American Capitals in order by Latitude

Click here to take the quiz!

General Stats

  • This quiz has been taken 29 times
  • The average score is 10 of 12

Answer Stats

HintAnswer% Correct
10.5Caracus
100%
-12.03Lima
92%
-0.25Quito
92%
4.58 Bogota
88%
-15.78Brasilia
88%
6.8 Georgetown
85%
-25.27Asuncion
81%
-34.6 Buenos Aires
81%
-16.5 La Paz / Sucre
81%
-34.88Montevideo
81%
-33.45 Santiago
77%
5.87 Paramaribo
73%

Score Distribution

Percentile by Number Answered

Percent of People with Each Score

Your Score History

You have not taken this quiz